| 000 | 00357 a2200145 4500 | ||
|---|---|---|---|
| 020 | _a9694320917 | ||
| 082 | _a297.124052 | ||
| 090 |
_c4792 _d4792 |
||
| 100 | _aRobson,James. | ||
| 245 |
_aMishkat Al Masabih _cDr.James Robson |
||
| 260 |
_aLahore _bSh.Muhammad Ashraf _c1999 |
||
| 300 | _a816p | ||
| 500 | _aHard cover | ||
| 942 |
_aNBS _cBK _k297.124052 MIS |
||
| 999 |
_c347223 _d347223 |
||